000
00277nam a22001337a 4500
003
SGT
082
_a
616.07
100
_a
KATHURIA, VIPIN
245
_a
TO STUDY HISTOMORPHOLOGICAL CHANGES M.
260
_a
SGTU
_c
2017
300
_a
75
650
_a
PATHOLOGY
942
_2
ddc
_c
TH
999
_c
20537
_d
20537